Cargo only airlines - Statistics

General Stats
  • This quiz has been taken 258 times
    195 since last reset
  • The average score is 5 of 15
Answer Stats
Hint Answer % Correct
Memphis Federal Express|Fed Ex
92%
Louisville United Parcel Service|UPS
89%
All over DHL
69%
Luxembourg Cargolux
67%
Ukraine Antonov
36%
USA Polar
22%
Canada Cargojet
21%
Turkey MNG
19%
Russia Volga-Dnepr
15%
Italy Cargolux Italia|Cargolux Italy
13%
Mexico Aero Union
12%
USA Amazon Prime Air
9%
Mexico Estafeta
9%
Australia Toll
9%
Venezuela Vensecar
8%
No matching quizzes found
Score Distribution
Percent of People with Each Score
Percentile by Number Answered
Your Score History
You have not taken this quiz since the last reset